Trade-offs in analog circuit design : (Record no. 60335)

000 -LEADER
fixed length control field 01491cam a22003494a 4500
001 - CONTROL NUMBER
control field 12832093
003 - CONTROL NUMBER IDENTIFIER
control field NUST-PNEC
005 - DATE AND TIME OF LATEST TRANSACTION
control field 20170116180654.0
008 - FIXED-LENGTH DATA ELEMENTS--GENERAL INFORMATION
fixed length control field 020625s2002 maua b 001 0 eng
010 ## - LIBRARY OF CONGRESS CONTROL NUMBER
LC control number 2002073087
020 ## - INTERNATIONAL STANDARD BOOK NUMBER
International Standard Book Number 1402070373
040 ## - CATALOGING SOURCE
Original cataloging agency DLC
Transcribing agency PNEC
Modifying agency DLC
042 ## - AUTHENTICATION CODE
Authentication code pcc
050 00 - LIBRARY OF CONGRESS CALL NUMBER
Classification number TK7867
Item number .T73 2002
082 00 - DEWEY DECIMAL CLASSIFICATION NUMBER
Classification number 621.3815 TOU
100 ## - MAIN ENTRY--PERSONAL NAME
9 (RLIN) 131
Personal name Toumazou, Chris.
245 00 - TITLE STATEMENT
Title Trade-offs in analog circuit design :
Remainder of title the designer's companion /
Statement of responsibility, etc. edited by Chris Toumazou, George Moschytz, and Barrie Gilbert.
260 ## - PUBLICATION, DISTRIBUTION, ETC.
Place of publication, distribution, etc. Boston :
Name of publisher, distributor, etc. Kluwer Academic Publishers,
Date of publication, distribution, etc. c2002.
300 ## - PHYSICAL DESCRIPTION
Extent xxxv, 1048 p. :
Other physical details ill. ;
Dimensions 25 cm.
500 ## - GENERAL NOTE
General note http://www.amazon.com/Trade-Offs-Analog-Circuit-Design-Designers/dp/1402070373/ref=sr_1_1?s=books&ie=UTF8&qid=1410597001&sr=1-1&keywords=1402070373
504 ## - BIBLIOGRAPHY, ETC. NOTE
Bibliography, etc. note Includes bibliographical references and index.
650 #0 - SUBJECT ADDED ENTRY--TOPICAL TERM
Topical term or geographic name entry element Electronic circuit design.
General subdivision EL, EE
650 #0 - SUBJECT ADDED ENTRY--TOPICAL TERM
Topical term or geographic name entry element Engineering economy.
700 1# - ADDED ENTRY--PERSONAL NAME
Personal name Toumazou, C.
Fuller form of name (Chris)
700 1# - ADDED ENTRY--PERSONAL NAME
Personal name Moschytz, George S.
700 1# - ADDED ENTRY--PERSONAL NAME
Personal name Gilbert, Barrie.
856 41 - ELECTRONIC LOCATION AND ACCESS
Materials specified Table of contents only
Uniform Resource Identifier <a href="http://www.loc.gov/catdir/enhancements/fy0813/2002073087-t.html">http://www.loc.gov/catdir/enhancements/fy0813/2002073087-t.html</a>
856 42 - ELECTRONIC LOCATION AND ACCESS
Materials specified Publisher description
Uniform Resource Identifier <a href="http://www.loc.gov/catdir/enhancements/fy0820/2002073087-d.html">http://www.loc.gov/catdir/enhancements/fy0820/2002073087-d.html</a>
906 ## - LOCAL DATA ELEMENT F, LDF (RLIN)
a 7
b cbc
c orignew
d 1
e ocip
f 20
g y-gencatlg
942 ## - ADDED ENTRY ELEMENTS (KOHA)
Source of classification or shelving scheme
Koha item type Book
Holdings
Withdrawn status Lost status Source of classification or shelving scheme Damaged status Not for loan Permanent Location Current Location Shelving location Date acquired Source of acquisition Cost, normal purchase price Total Checkouts Full call number Barcode Date last seen Cost, replacement price Price effective from Koha item type
          Pakistan Navy Engineering College (PNEC) Pakistan Navy Engineering College (PNEC) Reference 07/19/2005 Pak Book Company 30270.85   621.3815 TOU PNECLIB-027368 09/13/2014 30270.85 07/19/2005 Book
© 2023 Central Library, National University of Sciences and Technology. All Rights Reserved.